000 00759nam a2200253 a 4500
001 000048834
003 DO-SdBNP
005 20240530073924.0
007 ta
008 190415s2016 dr 000 f spa d
020 _a9789945600292
040 _aDO-SdBNP
_bspa
_cBNPHU
082 4 _aRD863.44
_bP437o
_222
100 1 _aPereyra, Emilia,
_d1963-
_912303
245 1 0 _a¡Oh, Dios :
_bnovela /
_cEmilia Pereyra.
260 _aSanto Domingo :
_bSantuario,
_c2016.
300 _a173 p. ;
_c23 cm.
500 _aIncluye datos biográficos de la autora en la solapa de la cubierta
590 _aInventariado, 2019/LP
650 0 _aNovela dominicana
_9223
650 4 _aLiteratura dominicana
910 _aValidado. Control de calidad MFF
942 _2ddc
_cLBS1
999 _c48322
_d48322